| 000 | 00545nam a22001817a 4500 | ||
|---|---|---|---|
| 005 | 20231031123436.0 | ||
| 008 | 231031b |||||||| |||| 00| 0 eng d | ||
| 020 | _a0409063924 | ||
| 041 | _aEnglish | ||
| 082 | _a346.6 WIL | ||
| 100 |
_aWilliams, RC _lEnglish |
||
| 245 |
_aConcise Corporate and Partnership Law / _cRC Williams |
||
| 250 | _aSecond Edition | ||
| 260 |
_aDurban : _bLexisNexis Butterworths, _c1997 |
||
| 300 |
_bxix, 465 pages ; _c25 cm. |
||
| 650 |
_alegal practice _bLaw |
||
| 942 |
_cBK _6ALISON_BN_VRIES |
||
| 999 |
_c188 _d188 |
||